<?xml version="1.0" encoding="UTF-8"?>
<record
    xmlns:xsi="http://www.w3.org/2001/XMLSchema-instance"
    xsi:schemaLocation="http://www.loc.gov/MARC21/slim http://www.loc.gov/standards/marcxml/schema/MARC21slim.xsd"
    xmlns="http://www.loc.gov/MARC21/slim">

  <leader>00882nam a2200205   4500</leader>
  <controlfield tag="001">216223784</controlfield>
  <controlfield tag="003">UA-OsUOA</controlfield>
  <controlfield tag="005">20230607091952.0</controlfield>
  <controlfield tag="008">230607b        un ||||| |||| 00| 0 ukr d</controlfield>
  <datafield tag="040" ind1=" " ind2=" ">
    <subfield code="a">UA-OsUOA</subfield>
    <subfield code="b">ukr</subfield>
    <subfield code="c">UA-OsUOA</subfield>
    <subfield code="d">UA-OsUOA</subfield>
  </datafield>
  <datafield tag="041" ind1=" " ind2=" ">
    <subfield code="a">ukr</subfield>
  </datafield>
  <datafield tag="080" ind1=" " ind2=" ">
    <subfield code="a">908</subfield>
  </datafield>
  <datafield tag="090" ind1=" " ind2=" ">
    <subfield code="a">908</subfield>
  </datafield>
  <datafield tag="100" ind1=" " ind2=" ">
    <subfield code="a">&#x424;&#x456;&#x43B;&#x456;&#x43C;&#x43E;&#x43D;&#x43E;&#x432;&#x430; &#x41C;. &#x41C;.</subfield>
  </datafield>
  <datafield tag="245" ind1=" " ind2=" ">
    <subfield code="a">&#x421;&#x430;&#x43A;&#x440;&#x430;&#x43B;&#x44C;&#x43D;&#x456; &#x43F;&#x430;&#x43C;'&#x44F;&#x442;&#x43A;&#x438; &#x421;&#x442;&#x430;&#x440;&#x43E;&#x43A;&#x43E;&#x441;&#x442;&#x44F;&#x43D;&#x442;&#x438;&#x43D;&#x43E;&#x432;&#x430;. &#x414;&#x43E;&#x43C;&#x456;&#x43D;&#x456;&#x43A;&#x430;&#x43D;&#x441;&#x44C;&#x43A;&#x438;&#x439; &#x43A;&#x43B;&#x44F;&#x448;&#x442;&#x43E;&#x440;</subfield>
    <subfield code="c">&#x41C;. &#x41C;. &#x424;&#x456;&#x43B;&#x456;&#x43C;&#x43E;&#x43D;&#x43E;&#x432;&#x430;</subfield>
  </datafield>
  <datafield tag="300" ind1=" " ind2=" ">
    <subfield code="a">&#x421;.152-158</subfield>
  </datafield>
  <datafield tag="650" ind1=" " ind2=" ">
    <subfield code="2">UDC</subfield>
  </datafield>
  <datafield tag="773" ind1="0" ind2=" ">
    <subfield code="0">573672</subfield>
    <subfield code="9">468397</subfield>
    <subfield code="a">&#x421;&#x442;&#x430;&#x440;&#x43E;&#x43A;&#x43E;&#x441;&#x442;&#x44F;&#x43D;&#x442;&#x438;&#x43D;&#x456;&#x432;&#x441;&#x44C;&#x43A;&#x430; &#x43C;&#x456;&#x441;&#x44C;&#x43A;&#x430; &#x440;&#x430;&#x434;&#x430;</subfield>
    <subfield code="d">&#x421;&#x442;&#x430;&#x440;&#x43E;&#x43A;&#x43E;&#x441;&#x442;&#x44F;&#x43D;&#x442;&#x438;&#x43D;&#x456;&#x432; &#x411;&#x438;&#x446;&#x438;&#x43A; &#x42E;. &#x412;. 2017</subfield>
    <subfield code="o">165432</subfield>
    <subfield code="t">&#x41A;&#x43D;&#x44F;&#x437;&#x456; &#x41E;&#x441;&#x442;&#x440;&#x43E;&#x437;&#x44C;&#x43A;&#x456; &#x432; &#x456;&#x441;&#x442;&#x43E;&#x440;&#x456;&#x457; &#x426;&#x435;&#x43D;&#x442;&#x440;&#x430;&#x43B;&#x44C;&#x43D;&#x43E;-&#x421;&#x445;&#x456;&#x434;&#x43D;&#x43E;&#x457; &#x404;&#x432;&#x440;&#x43E;&#x43F;&#x438;: &#x43C;&#x438;&#x43D;&#x443;&#x43B;&#x435; &#x456; &#x441;&#x443;&#x447;&#x430;&#x441;&#x43D;&#x456;&#x441;&#x442;&#x44C;</subfield>
    <subfield code="z">9786177094643</subfield>
  </datafield>
  <datafield tag="942" ind1=" " ind2=" ">
    <subfield code="2">udc</subfield>
    <subfield code="c">BKA</subfield>
  </datafield>
  <datafield tag="999" ind1=" " ind2=" ">
    <subfield code="c">574384</subfield>
    <subfield code="d">574384</subfield>
  </datafield>
</record>
